Lana Del Rey Songs With One Word In Title - Statistics

General Stats
  • This quiz has been taken 48 times
  • The average score is 20 of 30
Answer Stats
Album Song % Correct
Lust For Life Love
90%
Ultraviolence Ultraviolence
90%
Honeymoon Honeymoon
87%
Paradise Ride
85%
Born to Die Carmen
79%
Honeymoon 24
77%
Lust For Life Heroin
77%
Lust For Life Cherry
74%
Paradise Cola
74%
Blue Banisters Dealer
74%
Born to Die Radio
72%
Paradise Yayo
72%
Honeymoon Freak
69%
NFR! California
67%
Lust For Life Change
67%
Born to Die Lolita
67%
Blue Banisters Thunder
64%
Paradise American
62%
Honeymoon Religion
62%
DYKTTATUOB Fishtail
59%
DYKTTATUOB Margaret
59%
Honeymoon Salvatore
59%
NFR! Bartender
54%
DYKTTATUOB Fingertips
54%
Blue Banisters Arcadia
51%
DYKTTATUOB Kintsugi
51%
DYKTTATUOB Peppers
51%
DYKTTATUOB Sweet
51%
COTCC Yosemite
44%
Blue Banisters Beautiful
33%
No matching quizzes found
Score Distribution
Percent of People with Each Score
Percentile by Number Answered
Your Score History
You have not taken this quiz